20 pays les plus peuplés - 3 erreurs - Statistiques

Statistiques générales
  • Ce quiz a été pris 552 fois
  • Le résultat moyen est 14 sur 20
Statistiques - réponses
Population Pays % Correct
1.42 Md Chine
100%
1.44 Md Inde
99%
343 M États-Unis
98%
145 M Russie
89%
211 M Brésil
87%
124 M Japon
85%
281 M Indonésie
76%
130 M Mexique
74%
248 M Pakistan
74%
228 M Nigeria
73%
85 M Allemagne
64%
171 M Bangladesh
64%
114 M Égypte
61%
106 M République démocratique du Congo
60%
115 M Philippines
54%
129 M Éthiopie
53%
91 M Iran
53%
100 M Viêt Nam
52%
72 M Thaïlande
48%
87 M Turquie
48%
Aucun quiz correspondant
Distribution des résultats
% des personnes avec chaque résultat
Percentile par nombre de réponses
Votre historique - résultats
Vous n’avez pas pris ce quiz